| 000 | 04208cam a22012374i 4500 | ||
|---|---|---|---|
| 003 | PE-LiUPU | ||
| 005 | 20250813185548.0 | ||
| 008 | 150706s r 000 0 d | ||
| 020 | _a8420647349 | ||
| 035 | _a(Sirsi) i9788420647340 | ||
| 040 |
_aPE-LiUPU _bspa _cPE-LiUPU _erda |
||
| 049 | _aPRUA | ||
| 082 | 0 | 4 |
_a353.42 _bS31 _221 |
| 100 | 1 |
_aSchaeffer, Arlene , _eautor. |
|
| 245 | 1 | 0 |
_aHabla signada para alumnos no verbales / _cBenson Schaeffer, Arlene Raphael y George Kollinzas; traducción de Adela Castañón Baquera . |
| 264 | 1 |
_aMadrid : _bAlianza Editorial, _c2005. |
|
| 300 |
_a310 páginas : _bilustraciones ; _c23 centímetros |
||
| 336 |
_atext _2rdacontent |
||
| 337 |
_aunmediated _2rdamedia |
||
| 338 |
_avolume _2rdacarrier |
||
| 490 | 0 |
_aPsicología ; _v262 |
|
| 504 | _aIncluye bibliografía. | ||
| 505 | 0 | _aVisión de conjunto del programa de habla signada -- Lenguaje de signos -- El primer signo: una petición expresando un deseo -- El segundo signo: petición y descripción -- La primera petición multisigno: "(alumno) quiere X" -- Los signos "NO", "AYUDA", "BAÑO", Y "SI" -- Producción hablada -- Sonidos iniciales del habla: entrenamiento en imitación verbal -- Habla signada -- Habla signada: integración de signos y palabras -- Lenguaje verbal: desvanecimiento de signos en habla signada -- Funciones lingüísticas -- Referencia: una nueva función lingüística -- Conceptos de persona I: nombres propios y posesivos -- Conceptos de persona II: Acciones, emociones, saludos sociales, tratamientos directos y llamadas -- Interrogación I: lenguaje dirigido a la búsqueda de objetos ocultos -- Interrogación II: respuestas y preguntas de localización -- Abstracción: "MIO", "TUYO", "NO", Y "SI" -- Contexto educativo I: escenario y agenda diaria -- contexto educativo II: recogida y registro de datos y entrenamiento de padres y profesorado -- Tendencias futuras en capacitación lingüística para alumnos con autismo -- Perfeccionamiento de la enseñanza del lenguaje a niños con autismo: tendencias futuras. | |
| 526 | _aP202 | ||
| 526 | _aP201 | ||
| 526 | _aP163 | ||
| 526 | _aP162 | ||
| 526 | _aP161 | ||
| 526 | _aP160 | ||
| 526 | _aP148 | ||
| 526 | _aP147 | ||
| 526 | _aP146 | ||
| 526 | _aP145 | ||
| 526 | _aP144 | ||
| 526 | _aP143 | ||
| 526 | _aP142 | ||
| 526 | _aP141 | ||
| 526 | _aP140 | ||
| 526 | _aP139 | ||
| 526 | _aP138 | ||
| 526 | _aP137 | ||
| 526 | _aP136 | ||
| 526 | _aP135 | ||
| 526 | _aP134 | ||
| 526 | _aP133 | ||
| 526 | _aP129 | ||
| 526 | _aP128 | ||
| 526 | _aP127 | ||
| 526 | _aP120 | ||
| 526 | _aP119 | ||
| 526 | _aP118 | ||
| 526 | _aP116 | ||
| 526 | _aP115 | ||
| 526 | _aP114 | ||
| 526 | _aP110 | ||
| 526 | _aP109 | ||
| 526 | _aP108 | ||
| 526 | _aP104 | ||
| 526 | _aP103 | ||
| 526 | _aP102 | ||
| 526 | _aP99 | ||
| 526 | _aP98 | ||
| 526 | _aP97 | ||
| 526 | _aP96 | ||
| 526 | _aP95 | ||
| 526 | _aP93 | ||
| 526 | _aP90 | ||
| 526 | _aP89 | ||
| 526 | _aP88 | ||
| 526 | _aP83 | ||
| 526 | _aP82 | ||
| 526 | _aP62 | ||
| 526 | _aP59 | ||
| 526 | _aP58 | ||
| 526 | _aP57 | ||
| 526 | _aP51 | ||
| 526 | _aP49 | ||
| 526 | _aP48 | ||
| 526 | _aP47 | ||
| 526 | _aP29 | ||
| 526 | _aP24 | ||
| 526 | _aP20 | ||
| 526 | _aP19 | ||
| 526 | _aP17 | ||
| 526 | _aP15 | ||
| 526 | _aP14 | ||
| 526 | _aP12 | ||
| 526 | _aP10 | ||
| 526 | _aP09 | ||
| 526 | _aP08 | ||
| 526 | _aP07 | ||
| 526 | _aP06 | ||
| 526 | _aP05 | ||
| 526 | _aP04 | ||
| 526 | _aP01 | ||
| 541 | _g001-0030486; | ||
| 650 | 0 | 4 | _aLenguaje por signos. |
| 700 | 1 |
_aKollinzas, George, _eautor. |
|
| 700 | 1 |
_aRaphael, Arlene, _eautor. |
|
| 910 |
_agl _bjv _clch _d20090930 |
||
| 942 |
_2ddc _cBOOK |
||
| 949 |
_a353.42 S31 _wDEWEY _c1 _i60402 _lCCODEBUL1 _mBUL _p69.00 _r0 _sY _tBOOK _u2015-7-6 _xSALUD _PP33 _0COMPRA _o.STAFF. Colección General |
||
| 994 |
_aC0 _bPEPRU |
||
| 596 | _a1 | ||
| 999 |
_a353.42 S31 _wDEWEY _c49855 _i60402 _f2021-11-8 _g5 _lCCODEBUL1 _mBUL _p69.00 _r0 _sY _tBOOK _u2015-7-6 _xEDUCACION _PP33 _0COMPRA _o.STAFF. Colección General _d49855 |
||
| 980 |
_81 _gALBERTO SANCHEZ Responsable de Automatización |
||